[Event "CZE-ch U12 Girls"]
[Site "Sec u Chrudimi"]
[Date "2008.03.12"]
[Round "6"]
[White "Petrova, Jana"]
[Black "Pridalova, Tereza"]
[Result "1-0"]
[WhiteElo "1100"]
[BlackElo "1250"]
[PlyCount "49"]
[EventDate "2008.03.08"]
[EventType "swiss"]
[EventRounds "9"]
[EventCountry "CZE"]
[SourceTitle "EXT 2009"]
[Source "ChessBase"]
[SourceDate "2008.11.26"]
[SourceVersion "1"]
[SourceVersionDate "2008.11.26"]
[SourceQuality "1"]

1. e4 e5 2. d4 exd4 3. c3 Nc6 4. cxd4 d5 5. e5 Bb4+ 6. Nc3 Nge7 7. Nf3 0-0 8. Bg5 Bg4 9. h3 Bxf3 10. gxf3 Qd7 11. Rg1 Ng6 12. h4 h5 13. Be2 Kh7 14. f4 f6 15. Qd3 f5 16. Bxh5 Qe6 17. Qe3 Kg8 18. 0-0-0 a6 19. Bf6 Nce7 20. Bxg6 Nxg6 21. Rxg6 Rf7 22. Qg3 Bf8 23. h5 Kh7 24. Rh6+ Kxh6 25. Qg6# 1-0

[Event "CZE-ch U12 Girls"]
[Site "Sec u Chrudimi"]
[Date "2007.03.17"]
[Round "9"]
[White "Petrova, Jana"]
[Black "Richterova, Natasa"]
[Result "0-1"]
[WhiteElo "1250"]
[BlackElo "1100"]
[PlyCount "45"]
[EventDate "2007.03.10"]
[EventType "swiss"]
[EventRounds "9"]
[EventCountry "CZE"]
[SourceTitle "EXT 2008"]
[Source "ChessBase"]
[SourceDate "2007.11.25"]
[SourceVersion "1"]
[SourceVersionDate "2007.11.25"]
[SourceQuality "1"]

1. e4 e5 2. d4 exd4 3. c3 dxc3 4. Bc4 Bb4 5. Nxc3 Nc6 6. Nf3 Nf6 7. 0-0 0-0 8. Bg5 d6 9. Nd5 Bg4 10. Qd3 Re8 11. Nxf6+ gxf6 12. Bh6 Ne5 13. Nxe5 dxe5 14. Qg3 Qd7 15. Qh4 Be7 16. Rfe1 f5 17. Re3 Bxh4 18. g3 f4 19. Rd3 Qc6 20. Bb3 Qxe4 21. Rc3 Qe2 22. Rxc7 Qxf2+ 23. Kh1 0-1

[Event "CZE-ch U12 Girls"]
[Site "Sec u Chrudimi"]
[Date "2007.03.10"]
[Round "1"]
[White "Petrova, Jana"]
[Black "Stepnickova, Martina"]
[Result "1-0"]
[WhiteElo "1250"]
[BlackElo "1100"]
[PlyCount "47"]
[EventDate "2007.03.10"]
[EventType "swiss"]
[EventRounds "9"]
[EventCountry "CZE"]
[SourceTitle "EXT 2008"]
[Source "ChessBase"]
[SourceDate "2007.11.25"]
[SourceVersion "1"]
[SourceVersionDate "2007.11.25"]
[SourceQuality "1"]

1. e4 e6 2. d4 d5 3. e5 c5 4. Nf3 Nc6 5. Bb5 Qb6 6. Bxc6+ Qxc6 7. Nc3 Ne7 8. 0-0 Nf5 9. dxc5 Bxc5 10. Ng5 Nh4 11. Qg4 d4 12. Nce4 Nf5 13. Nxc5 Qxc5 14. Bd2 Qxc2 15. Rad1 Qxb2 16. Ne4 0-0 17. Nf6+ Kh8 18. Nxh7 Re8 19. Qh5 Kg8 20. Nf6+ gxf6 21. exf6 d3 22. Qg4+ Kf8 23. Bh6+ Nxh6 24. Qg7# 1-0

[Event "CZE-ch U10 Girls"]
[Site "Zlate Hory"]
[Date "2006.03.16"]
[Round "7"]
[White "Blechova, Lenka"]
[Black "Petrova, Jana"]
[Result "1-0"]
[WhiteElo "1250"]
[BlackElo "1100"]
[PlyCount "109"]
[EventDate "2006.03.11"]
[EventType "swiss"]
[EventRounds "9"]
[EventCountry "CZE"]
[SourceTitle "EXT 2008"]
[Source "ChessBase"]
[SourceDate "2007.11.25"]
[SourceVersion "1"]
[SourceVersionDate "2007.11.25"]
[SourceQuality "1"]

1. e4 e5 2. Nf3 Nc6 3. Bc4 Nf6 4. Ng5 d5 5. exd5 Na5 6. Bb5+ c6 7. dxc6 bxc6 8. Ba4 Bc5 9. 0-0 Ng4 10. d3 Qf6 11. Qe2 Qh6 12. h3 f5 13. Nf7 Kxf7 14. Bxh6 Nxh6 15. Qh5+ Kf8 16. Re1 Bd6 17. d4 Rb8 18. b3 Bd7 19. dxe5 Bc5 20. e6 Be8 21. Qg5 Be7 22. Qf4 Rd8 23. Nc3 Bd6 24. e7+ Bxe7 25. Ne4 Rd4 26. Rad1 c5 27. Bxe8 Kxe8 28. Nd6+ Kd7 29. Ne4 Rf8 30. Rxd4+ cxd4 31. Nd2 Bd6 32. Qxd4 Nc6 33. Qxg7+ Nf7 34. Qxh7 Nd4 35. c3 Ne6 36. Qxf5 Nfg5 37. Qb5+ Kc7 38. c4 Nxh3+ 39. gxh3 Rg8+ 40. Kf1 Nf4 41. Qa5+ Kd7 42. Qxa7+ Kc6 43. Qa6+ Kd7 44. Qb5+ Kc7 45. Qa5+ Kd7 46. Qf5+ Kc7 47. Qf7+ Kd8 48. Qxg8+ Kc7 49. Ne4 Bb4 50. Qg7+ Kc6 51. Qf6+ Kc7 52. Qxf4+ Kc6 53. Rd1 Bc5 54. Nxc5 Kxc5 55. Qd6# 1-0